Obnoviteľné zdroje energie ako cesta k energetickej bezpečnosti v EÚ na príklade Slovenskej republiky bakalárska práca

Guardado en:
Detalles Bibliográficos
Autor principal: Bedrunka, Ján
Autor Corporativo: Obchodná fakulta EU. Katedra medzinárodného obchodu
Otros Autores: Zábojník, Stanislav, 1984-
Formato: Libro
Lenguaje:eslovaco
Publicado: Bratislava 2009
Etiquetas: Agregar Etiqueta
Sin Etiquetas, Sea el primero en etiquetar este registro!

MARC

LEADER 00000nam$a2200000$$$4500
001 0103139
005 20240318133745.5
041 0 |a slo 
044 |a SK 
245 1 0 |a Obnoviteľné zdroje energie ako cesta k energetickej bezpečnosti v EÚ na príklade Slovenskej republiky  |b bakalárska práca  |c Ján Bedrunka ; škol. Stanislav Zábojník 
264 1 |a Bratislava  |c 2009 
300 |a 72 s. 
100 1 |a Bedrunka, Ján 
700 1 |a Zábojník, Stanislav, 1984- 
710 2 |a Obchodná fakulta EU. Katedra medzinárodného obchodu